Agrupaciones alternativas de transportes en Costa Rica = Alternative transportation organizations in Costa Rica /
Se presenta una discusión respecto a la conformación, objetivos, campo de acción y relevancia de las organizaciones alternativas de transporte en Costa Rica. Se considera vital para la defensa en materia de derechos de acceso al transporte y para colaborar y presionar para que se implementen medidas...
שמור ב:
| מחבר ראשי: | |
|---|---|
| פורמט: | Texto |
| נושאים: | |
| תגים: |
הוספת תג
אין תגיות, היה/י הראשונ/ה לתייג את הרשומה!
|
MARC
| LEADER | 00000 a a2200000 04500 | ||
|---|---|---|---|
| 001 | 43172 | ||
| 003 | |||
| 040 | |||
| 100 | |a Sánchez Lovell, Adriana | ||
| 245 | |a Agrupaciones alternativas de transportes en Costa Rica = |b Alternative transportation organizations in Costa Rica / |c Adriana Sánchez Lovell | ||
| 500 | |a adrilovell@gmail.com | ||
| 520 | |a Se presenta una discusión respecto a la conformación, objetivos, campo de acción y relevancia de las organizaciones alternativas de transporte en Costa Rica. Se considera vital para la defensa en materia de derechos de acceso al transporte y para colaborar y presionar para que se implementen medidas preventivas de seguridad vial. Se considera además, trascendente que la academia incorpore en la discusión y en las actividades que promueven dichas organizaciones, en tanto vehiculizan la participación social y el mejoramiento en las condiciones de traslado de la población general. | ||
| 590 | |a KSR/SETIEMBRE | ||
| 650 | |a 1.TRANSPORTE | ||
| 650 | |a 2.ORGANIZACIONES VOLUNTARIAS | ||
| 650 | |a 3.SEGURIDAD EN LAS CARRETERAS | ||
| 650 | |a 4.EQUIDAD | ||
| 650 | |a 5.COSTA RICA | ||
| 773 | |g número128 ( , 2010), páginas 193-203 : fotos | ||
| 999 | |c 32422 |d 32422 | ||
| 773 | 0 | |0 18728 |9 3018 |a Universidad de Costa Rica |d San José, Costa Rica Editorial UCR 1956- |o 13130 |t Revista de Ciencias Sociales/ |x 04825276 | |
